• 首页
  • 本馆介绍
  • 公告通知
  • 最新文献
  • 馆藏检索
  • 电子资源
  • 读者导购
  • 参考咨询
  • 我的图书馆
  • 登录
  • 详细信息显示
  • 放入我的书架
  • 预约/预借图书
  • 作者相关作品
  • 分类相关作品
  • 丛书相关作品
  • 出版社相关作品

书目信息

  • 表格格式
  • 工作单格式
  • 卡片格式
题名:
中国革命史学习指导
    
 
作者: 孙秉敏 , 杨守平 主编
分册:  
出版信息: 北京   团结出版社  1989.05
页数: 294页
开本: 19cm
丛书名:
单 册:
中图分类: G633.2
科图分类:
主题词: 教育--各级
电子资源:
ISBN: 7-80061-084-5
000 00624nam0 2200205 450
001 0732977282
005 20071217091104.70
010    @a7-80061-084-5@dCNY2.82
100    @a20071217d1989 km y0chiy0120 ea
101 0  @achi
102    @aCN@b110000
200 1  @a中国革命史学习指导@Azhong guo ge ming shi xue xi zhi dao@f孙秉敏,杨守平主编@Fsun bing min,yang shou ping zhu bian
210    @a北京@c团结出版社@d1989.05
215    @a294页@d19cm
606 0  @a教育@x各级
690    @aG633.2@v4
701  0 @a孙秉敏@Asun bing min@4主编
701  0 @a杨守平@Ayang shou ping@4主编
801  0 @aCN@bPFT@c20071217
905    @aBZT@dG633.2@e1
    
    中国革命史学习指导/孙秉敏,杨守平主编.-北京:团结出版社,1989.05
    294页;19cm
    
    
    ISBN 7-80061-084-5:CNY2.82
    
●
相关链接 在五车中查询图书 在当当中查询图书 在豆瓣中查询图书


正题名:中国革命史学习指导     索取号:G633.2/1         预约/预借

序号 登录号 条形码 馆藏地/架位号 状态 备注
1 3436   220000234   中心书库北库/ 北库029架B面3列3层20/ [索取号:G633.2/1] 在馆    
山东省滨州职业学院图书馆 欢迎您!
大连网信软件有限公司© 版权所有